• 首页
  • 本馆介绍
  • 公告通知
  • 最新文献
  • 馆藏检索
  • 电子资源
  • 读者导购
  • 参考咨询
  • 我的图书馆
  • 登录
  • 详细信息显示
  • 放入我的书架
  • 预约/预借图书
  • 作者相关作品
  • 分类相关作品
  • 丛书相关作品
  • 出版社相关作品

书目信息

  • 表格格式
  • 工作单格式
  • 卡片格式
书名: Air travel
作者: Scottish Qualifications Authority :
分册号:
分册名:
出版地: Beijing :
 
出版社: China Modern Economic Publishing House
出版时间: c2004.
页数: 467 p. :
开本: 25 cm.
丛书名:
中图分类号:
科图分类号:
其他分类号: F560.83
主题词:
电子资源:
000 00917nam 2200241 a 4500
001 E1155260367
005 20111208152312.89
008 041228s2004 cc a 000 0 eng d
020    @a780169581X :@cCNY79.00.
040    @aCcBjTSG
090    @aF560.83@bA298
090    @aF560.83
096    @aF560.83
099    @dF560.83@ex103=2
245 00 @aAir travel :@breservations, fares and ticketing : an introduction = 航空旅行 : 预订及票务处 (初级) / @cScottish Qualifications Authority : @kmonograph.
246 1  @iAt head of title:@aTravel and tourism
246 31 @a航空旅行 :@b预定及票务 (初级)
250    @a2nd.
260    @aBeijing :@bChina Modern Economic Publishing House,@cc2004.
300    @a467 p. :@bill. ;@c25 cm.
500    @aScottish Qualifications Authority, Higher National Diploma, Unit Student Guide, DG93 04.
650  0 @aAeronautics, Commercial.
710 2  @aScottish Qualifications Authority.
    
    Air travel : : reservations, fares and ticketing : an introduction = 航空旅行 : 预订及票务处 (初级) / / Scottish Qualifications Authority : .-2nd.-Beijing : : China Modern Economic Publishing House, , c2004.
    467 p. : : ill. ; ; 25 cm.
    Scottish Qualifications Authority, Higher National Diploma, Unit Student Guide, DG93 04.
    
    ISBN 780169581X :CNY79.00.
    
●
相关链接 在E读中查询图书 在五车中查询图书 在当当中查询图书 在豆瓣中查询图书


正题名:Air travel     索取号:F560.83/x103=2         预约/预借

序号 登录号 条形码 馆藏地/架位号 状态 备注
1 17817   300178171   第二样本阅览室/ [索取号:F560.83/x103=2] 在馆    
2 17818   300178180   第四借阅区/ [索取号:F560.83/x103=2] 在馆    
3 17819   300178199   第四借阅区/ [索取号:F560.83/x103=2] 在馆    
4 17820   300178206   第四借阅区/ [索取号:F560.83/x103=2] 在馆    
5 17826   300178260   第四借阅区/ [索取号:F560.83/x103=2] 在馆    
唐山师范学院图书馆 欢迎您!
大连网信软件有限公司© 版权所有